Viaje sentimental (Record no. 160876)

MARC details
000 -LEADER
campo de control de longitud fija 00997nam a22002055i 4500
001 - NÚMERO DE CONTROL
campo de control 160876
003 - IDENTIFICADOR DE NÚMERO DE CONTROL
campo de control ES-MaACL
005 - FECHA Y HORA DE LA ÚLTIMA TRANSACCIÓN
campo de control 20250823110929.0
008 - DATOS DE LONGITUD FIJA--INFORMACIÓN GENERAL
campo de control de longitud fija 991102s1858 sp |||| | spa d
040 ## - FUENTE DE CATALOGACIÓN
Centro catalogador/agencia de origen CCPB | B
Lengua de catalogación spa
Centro/agencia transcriptor CCPB | B
100 1# - ENTRADA PRINCIPAL--NOMBRE DE PERSONA
Nombre de persona Ochoa, Carlos de.
9 (RLIN) 130593
245 10 - MENCIÓN DEL TÍTULO
Título Viaje sentimental
Resto del título : comedia en un acto /
Mención de responsabilidad, etc. arreglada á la escena española por Carlos de Ochoa.
260 ## - PUBLICACIÓN, DISTRIBUCIÓN, ETC.
Lugar de publicación, distribución, etc. Madrid :
Nombre del editor, distribuidor, etc. [s.n.],
Fecha de publicación, distribución, etc. 1858 (
Fabricante Imp. de la Revista de Caminos de Hierro)
300 ## - DESCRIPCIÓN FÍSICA
Extensión 28 p. ;
Dimensiones 20 cm.
490 1# - MENCIÓN DE SERIE
Mención de serie El museo literario : galería dramática y musical / de Prudencio de Regoyos
500 #1 - NOTA GENERAL
Nota general En port.: Representada por primera vez en el teatro del Príncipe, el 11 de Diciembre de 1858.
830 03 - PUNTO DE ACCESO ADICIONAL DE SERIE-TÍTULO UNIFORME
Título uniforme El museo literario: galería dramática y musical
9 (RLIN) 222075
852 ## - LOCALIZACIÓN
Ubicación ES-MaACL
Número de control de estantería F-8557(3)
Nota libre -- Enc. pasta española
condición física -- Falto de la cub. original
Nota libre -- Enc. en un vol. facticio formando parte de la col. facticia "Teatro español moderno", v.9
Holdings
Estatus retirado Estado de pérdida Estado de daño No para préstamo Colección Biblioteca de origen Biblioteca actual Ubicación en estantería Fecha de adquisición Total de préstamos Signatura topográfica completa Código de barras Visto por última vez Precio de reemplazo Tipo de ítem Koha
        Libros del s. XIX Biblioteca del Ateneo de Madrid Biblioteca del Ateneo de Madrid Sala Pecera Planta 2 17/01/2008   F-8557(3) 1168475 23/02/2023 23/02/2023 Libro impreso antiguo